000 01129nam a22001457a 4500
999 _c526160
_d526160
008 240514b ||||| |||| 00| 0 eng d
100 _aThakur, D., Dubey, N.P. and Singh, R.
_952340
245 _aDrug-facilitated sexual assault (DFSA): An emerging crime in India
260 _aIndian Police Journal
300 _a69(4), Oct-Dec, 2024: p.51-58
520 _a DFSA is the major crime among DFC or crimes against women in India. For several reasons described in this review, this offense has been overshadowed. Despite this, forensic science laboratories and social media report many instances. This article is structured to develop essential awareness of the crime and its pattern by identifying the ignorance concerning this risky scenario. The comprehensive strategy to removing the threat has received particular attention. Dissemination of the shortfalls and viable solutions in the scientific community can aid in eradicating the menace through collaborative efforts. Reproduced https://bprd.nic.in/uploads/pdf/October-December_2022.pdf
773 _aIndian Police Journal
906 _aCRIMES
942 _cAR